[Event "mesa 7"]
[Site "http://www.queenalice.com/game.php?id=1242858"]
[Date "2013.12.26"]
[Round "-"]
[White "Herbert_Cezar"]
[Black "antoniozla"]
[Result "1-0"]
[WhiteElo "1897"]
[BlackElo "1451"]

1. e4 e5 2. Nf3 Nc6 3. Bb5 d6 4. O-O Bd7 5. Nc3 Nf6 6. d3 h6 7. Nd5 Nxd5 8. exd5
Ne7 9. Bxd7+ Qxd7 10. c4 c6 11. b3 cxd5 12. Ba3 dxc4 13. dxc4 Nc6 14. Qc2 Be7
15. Rad1 a5 16. c5 Nb4 17. Bxb4 axb4 18. Nxe5 Qe6 19. cxd6 Bxd6 20. Nf3 O-O 21.
Rfe1 Qf6 22. Rf1 b6 23. Kh1 Bc5 24. Kg1 Rad8 25. Nd2 Rfe8 26. Ne4 Rxd1 27. Nxf6+
gxf6 28. Qxd1 1-0

[Event "mesa 1"]
[Site "http://www.queenalice.com/game.php?id=1243005"]
[Date "2013.12.26"]
[Round "-"]
[White "renet54"]
[Black "Herbert_Cezar"]
[Result "0-1"]
[WhiteElo "1553"]
[BlackElo "1849"]

1. d4 d5 2. Nf3 Nf6 3. Bf4 Nc6 4. e3 Bf5 5. Nbd2 Ne4 6. Nxe4 Bxe4 7. Ng5 e6 8.
Be2 Be7 9. Nxe4 dxe4 10. O-O O-O 11. c3 f5 12. Bc4 Rf6 13. Qe2 Rg6 14. Rad1 Na5
15. Bxe6+ Rxe6 16. d5 Rg6 17. Rd2 b6 18. Rfd1 Bd6 19. Bxd6 cxd6 20. f3 exf3 21.
Qxf3 Nc4 22. Rf2 Rf6 23. Rd4 Ne5 24. Qg3 Qf8 25. Rdf4 Nd3 26. R2f3 Nxf4 27. Rxf4
Rg6 28. Qf3 Rf6 29. c4 Re8 30. h4 Re4 31. Qg3 Rxf4 32. exf4 Qe7 33. b3 Qe4 34.
h5 Qb1+ 35. Kh2 Qxa2 36. Kh3 Qa3 37. Kh4 a5 38. Kg5 a4 39. Qc3 Qxb3 40. Qd4 Qg3#
0-1

[Event "mesa 7"]
[Site "http://www.queenalice.com/game.php?id=1243275"]
[Date "2013.12.27"]
[Round "-"]
[White "antoniozla"]
[Black "Herbert_Cezar"]
[Result "0-1"]
[WhiteElo "1449"]
[BlackElo "1921"]

1. d4 d5 2. Nc3 Nf6 3. Bg5 e6 4. a3 Nc6 5. e3 Bd7 6. Bb5 Be7 7. Nf3 O-O 8. O-O
a6 9. Bxc6 Bxc6 10. Ne5 Ne8 11. Nxc6 bxc6 12. Bxe7 Qxe7 13. Qf3 f5 14. Qg3 Nf6
15. h3 Rab8 16. b4 Ne4 17. Nxe4 fxe4 18. f4 Rf6 19. Rac1 Rg6 20. Qh2 Rf8 21. g4
Rgf6 22. Rf2 a5 23. g5 Rf5 24. Ra1 axb4 25. axb4 Qxb4 26. Ra7 Qb6 27. Ra2 Qb1+
28. Kg2 Qxa2 29. c3 Qb3 30. Rc2 Qxc2+ 0-1

[Event "mesa 10"]
[Site "http://www.queenalice.com/game.php?id=1243276"]
[Date "2013.12.28"]
[Round "-"]
[White "Herbert_Cezar"]
[Black "wgjrl8"]
[Result "1-0"]
[WhiteElo "1917"]
[BlackElo "1530"]

1. e4 e5 2. Nc3 c6 3. d3 Bb4 4. Bd2 a5 5. Nf3 f6 6. Be2 d6 7. O-O h5 8. Ne1 h4
9. Bh5+ Ke7 10. f4 h3 11. fxe5 Bc5+ 12. d4 Bxd4+ 13. Kh1 Bxe5 14. Bf4 Qb6 15.
Bxe5 Qxb2 16. Nd5+ cxd5 17. Bxb2 dxe4 18. Bg4 Nc6 19. Bxc8 hxg2+ 20. Nxg2 Rxc8
21. Qd5 Nb4 22. Qxe4+ Kd7 23. Qxb7+ Rc7 24. Qb5+ Kc8 25. Qxa5 Nxc2 26. Rac1 Kd7
27. Qa4+ Kd8 28. Rxc2 Ne7 29. Rxc7 Kxc7 30. Re1 Re8 31. Qxe8 1-0

[Event "mesa 28"]
[Site "http://www.queenalice.com/game.php?id=1243740"]
[Date "2013.12.29"]
[Round "-"]
[White "Herbert_Cezar"]
[Black "Givanildo"]
[Result "1-0"]
[WhiteElo "1887"]
[BlackElo "1453"]

1. e4 e6 2. d4 Nf6 3. Nc3 a6 4. Nf3 h6 5. Bd3 d5 6. e5 Nfd7 7. O-O c5 8. Bd2 c4
9. Be2 g5 10. Ne1 Bg7 11. f4 Nc6 12. Bh5 O-O 13. fxg5 hxg5 14. Qg4 Bh6 15. h4
Nxd4 16. Qxd4 f6 17. hxg5 Bxg5 18. Bxg5 fxg5 19. Rxf8+ Nxf8 20. Qf2 Qe7 21. Qf6
Qg7 22. Qxg7+ Kxg7 23. Bg4 Ng6 24. Nf3 Bd7 25. Nxd5 Bc6 26. Bxe6 Re8 27. Nxg5
Nxe5 28. Nf4 Kf6 29. Ngh3 Rg8 30. Bxg8 Ng4 31. Bxc4 Ne3 32. Bd3 b5 33. Re1 Ng4
34. Re6+ Kg7 35. Rxc6 Ne5 36. Rxa6 Nxd3 37. cxd3 b4 38. Re6 Kf7 39. d4 b3 40. a3
Kg7 41. d5 Kf7 42. d6 Kg7 43. d7 Kf7 44. d8=N+ Kg7 45. a4 1-0

[Event "mesa 37"]
[Site "http://www.queenalice.com/game.php?id=1243741"]
[Date "2013.12.29"]
[Round "-"]
[White "Herbert_Cezar"]
[Black "Benjamin"]
[Result "1-0"]
[WhiteElo "1877"]
[BlackElo "1810"]

1. e4 e6 2. d4 d5 3. exd5 Qxd5 4. Nc3 Bb4 5. Nf3 Nf6 6. Bd2 Qd8 7. Be2 Nc6 8.
Bb5 Bd7 9. O-O a6 10. Bxc6 Bxc6 11. Ne5 Bd5 12. Qe1 Bxc3 13. Bxc3 O-O 14. f4 b5
15. a3 a5 16. Bxa5 Qd6 17. Bb4 Qb6 18. Bc5 Qb7 19. Bxf8 Rxf8 20. Rf2 Qb6 21. a4
bxa4 22. c3 c5 23. Rxa4 Qb5 24. Qd1 c4 25. Rb4 Qa6 26. h3 h6 27. Qc2 Be4 28. Qe2
Bd5 29. Nxc4 Ne4 30. b3 Nxf2 31. Kxf2 Qc6 32. Kg3 f6 33. Qd2 f5 34. Ne5 Qa8 35.
c4 Be4 36. Ra4 Qb7 37. Rb4 Qe7 38. Ng6 Qe8 39. Nxf8 Qxf8 40. c5 Qe8 41. Kh2 Qc6
42. Rb6 Qc7 43. Rxe6 Qf7 44. d5 Qc7 45. Rc6 Qd7 46. Rd6 Qc7 47. Qb4 Qf7 48. Qd4
Qc7 49. b4 Qb8 50. Kg3 Qe8 51. Qe5 Qg6+ 52. Rxg6 1-0

[Event "mesa 31"]
[Site "http://www.queenalice.com/game.php?id=1243744"]
[Date "2013.12.29"]
[Round "-"]
[White "Nikita"]
[Black "Herbert_Cezar"]
[Result "1-0"]
[WhiteElo "1539"]
[BlackElo "1908"]

1. e4 e5 2. Bc4 Nf6 3. Nf3 Bd6 4. d3 O-O 5. Bg5 Nc6 6. Bxf6 Qxf6 7. Bb5 Nd4 8.
Nxd4 exd4 9. Qf3 Qf4 10. Qxf4 Bxf4 11. g3 Bc1 12. Nd2 Bxb2 13. Rb1 Bc3 14. Ke2
d6 15. f4 Bg4+ 16. Nf3 Rab8 17. h3 Bxf3+ 18. Kxf3 c6 19. Bc4 Bd2 20. Rbd1 Bc3
21. g4 b5 22. Bb3 c5 23. e5 dxe5 24. fxe5 a5 25. Rhg1 a4 26. Bd5 Rbd8 27. Bc6
Rb8 28. Bd5 Rfd8 29. Be4 b4 30. Bd5 Rxd5 31. Ke4 Rdd8 32. g5 b3 33. cxb3 axb3
34. axb3 Rxb3 35. h4 Rb2 36. h5 g6 37. h6 Rd2 38. Rc1 Re2+ 39. Kf3 Rxe5 40. Kf4
Re2 41. Kf3 Re3+ 42. Kf2 Rxd3 43. Ke2 Re3+ 44. Kf2 Rde8 45. Rc2 Rd3 46. Rb1 Kf8
47. Rb5 Bd2 48. Rbxc5 Be1+ 49. Kf1 Rf3+ 50. Kg2 Rg3+ 51. Kh2 d3 52. Rc1 d2 53.
Rd1 Rg4 54. Rc3 Rxg5 55. Rf3 Rh5+ 56. Kg2 Rxh6 57. Rf1 Re2+ 58. Kf3 Re5 59. Kf4
Rf5+ 60. Kg4 1-0

[Event "mesa 44"]
[Site "http://www.queenalice.com/game.php?id=1243745"]
[Date "2013.12.29"]
[Round "-"]
[White "Herbert_Cezar"]
[Black "toomchess"]
[Result "0-1"]
[WhiteElo "1865"]
[BlackElo "1820"]

1. e4 e5 2. Nf3 Nc6 3. Bb5 Bc5 4. O-O d6 5. c3 a6 6. Be2 Nf6 7. d3 h6 8. Nbd2
O-O 9. Nb3 Bb6 10. Be3 d5 11. Bxb6 cxb6 12. exd5 Nxd5 13. Nfd2 f5 14. c4 Nf4 15.
Re1 Qg5 16. Bf3 Nxd3 17. Bd5+ Kh8 18. Nf3 Qg6 19. Qxd3 e4 20. Nh4 Qf6 21. Qg3 g5
22. Nxf5 Bxf5 23. Bxe4 Qxb2 24. Bd5 a5 25. Qc7 a4 26. Bxc6 bxc6 27. Qxc6 axb3
28. Qxh6+ Bh7 29. Rf1 Rxf2 30. Rxf2 Qxa1+ 31. Rf1 Qd4+ 32. Kh1 Qg7 33. Qxb6 bxa2
0-1

[Event "mesa 19"]
[Site "http://www.queenalice.com/game.php?id=1243790"]
[Date "2013.12.29"]
[Round "-"]
[White "Herbert_Cezar"]
[Black "maurice91"]
[Result "0-1"]
[WhiteElo "1923"]
[BlackElo "1713"]

1. e4 c6 2. d4 g6 3. Nc3 Bg7 4. Be3 d5 5. e5 Nh6 6. Be2 Nf5 7. Nf3 Nxe3 8. fxe3
Bh6 9. O-O Bxe3+ 10. Kh1 O-O 11. Qe1 Bh6 12. Ng1 Qb6 13. Rb1 Qxd4 14. Nf3 Qb6
15. Qh4 Bg7 16. Qxe7 Be6 17. Na4 Qe3 18. Qxb7 Qxe2 19. Qxa8 Na6 20. Qxc6 Nb4 21.
Qb7 Nxc2 22. Qxa7 Ne3 23. Rg1 Ng4 24. Rbf1 Bxe5 25. Nxe5 Qxe5 26. g3 Qe4+ 27.
Rg2 Ne3 28. Rg1 Bh3 0-1

[Event "mesa 35"]
[Site "http://www.queenalice.com/game.php?id=1243791"]
[Date "2013.12.29"]
[Round "-"]
[White "Herbert_Cezar"]
[Black "csantosrj"]
[Result "0-1"]
[WhiteElo "1850"]
[BlackElo "1777"]

1. e4 c5 2. Nf3 Nc6 3. d4 cxd4 4. Nxd4 Nxd4 5. Qxd4 Qb6 6. Qxb6 axb6 7. Nc3 e6
8. Bd3 Bb4 9. Bd2 Nf6 10. O-O O-O 11. f4 d6 12. a3 Bc5+ 13. Kh1 Bd4 14. Rab1 Ng4
15. Be1 f5 16. h3 fxe4 17. Nxe4 Ne3 18. Rf3 e5 19. Nxd6 Be6 20. c3 Bc5 21. Nxb7
Bd5 22. Nxc5 Bxf3 23. Ne6 Bxg2+ 24. Kg1 Rf6 25. Bf2 Rxe6 26. Bxe3 Bxh3 27. Bc4
g6 28. Bxe6+ Bxe6 29. fxe5 b5 30. Rd1 Kf7 31. Bd4 Bf5 32. Kf2 Ke6 33. Kf3 h5 34.
Kf4 Rf8 35. Rd2 h4 36. Kg5 h3 37. Rh2 Rh8 38. Kf4 Rh4+ 39. Kg3 Rg4+ 40. Kf2 Rh4
41. b3 g5 42. Kg3 Rg4+ 43. Kf3 Re4 44. Kg3 g4 45. a4 bxa4 46. bxa4 Re1 47. Ra2
Rd1 48. a5 Rd3+ 49. Kh2 g3+ 50. Kg1 Rd1# 0-1

[Event "mesa 3"]
[Site "http://www.queenalice.com/game.php?id=1243795"]
[Date "2013.12.30"]
[Round "-"]
[White "vinoseco"]
[Black "Herbert_Cezar"]
[Result "0-1"]
[WhiteElo "1686"]
[BlackElo "1825"]

1. e4 e5 2. Nf3 Nc6 3. c3 Be7 4. Bc4 Nf6 5. Ng5 O-O 6. Qf3 d6 7. d3 Bg4 8. Qg3
Bh5 9. Qh4 Bg6 10. Nd2 Na5 11. b4 Nxc4 12. Nxc4 Ne8 13. d4 h6 14. dxe5 hxg5 15.
Qg4 f5 16. exf5 Bxf5 17. Qh5 b5 18. Ne3 g6 19. Qh6 Rf7 20. Nxf5 Rxf5 21. Qxg6+
Ng7 22. exd6 Qxd6 23. Qxd6 Bxd6 24. O-O Bf4 25. g4 Rf6 26. Bb2 Re6 27. Rad1 Re2
28. Rb1 Rd8 29. Rfc1 Bxc1 30. Bxc1 Rd1+ 31. Kg2 Ree1 32. Kf3 Rxc1 33. Rxc1 Rxc1
34. Ke4 Rc2 35. Kd4 Rxf2 36. Kc5 Rxa2 37. Kxb5 Rxh2 38. Kc6 Rg2 39. Kxc7 Rxg4
40. Kb7 Rc4 41. b5 Rxc3 42. Kxa7 Rb3 43. b6 g4 44. b7 g3 45. b8=Q+ Rxb8 46. Kxb8
g2 0-1

[Event "mesa 36"]
[Site "http://www.queenalice.com/game.php?id=1243796"]
[Date "2013.12.30"]
[Round "-"]
[White "Herbert_Cezar"]
[Black "saturnin"]
[Result "1-0"]
[WhiteElo "1835"]
[BlackElo "1460"]

1. e4 e6 2. d4 d6 3. Nc3 Be7 4. Be3 Nf6 5. Bd3 d5 6. e5 Nfd7 7. Nf3 O-O 8. O-O
f6 9. Qd2 g5 10. exf6 Bxf6 11. Ne1 Nc6 12. Be2 a6 13. Nf3 h6 14. Ne1 b5 15. a3
Kg7 16. Bh5 Ne7 17. f4 Nf5 18. Qd3 c6 19. fxg5 Bxg5 20. Bd2 Kg8 21. Nf3 Bxd2 22.
Qxd2 Nf6 23. Bg6 Kg7 24. Bxf5 exf5 25. Ne5 Qc7 26. Qe3 Re8 27. Qg3+ Ng4 28. Rae1
h5 29. h3 Qb6 30. Ne2 c5 31. c3 Kh6 32. hxg4 fxg4 33. Qh4 Kg7 34. Rf7+ Kh6 35.
Rf6+ Qxf6 36. Qxf6+ 1-0

[Event "mesa 10"]
[Site "http://www.queenalice.com/game.php?id=1243797"]
[Date "2013.12.30"]
[Round "-"]
[White "Herbert_Cezar"]
[Black "wgjrl8"]
[Result "1-0"]
[WhiteElo "1893"]
[BlackElo "1528"]

1. e4 e5 2. Nf3 f6 3. Bc4 Bc5 4. O-O Nc6 5. Nc3 Nd4 6. d3 d6 7. Nxd4 Bxd4 8. Be3
Bxc3 9. bxc3 Ne7 10. d4 Ng6 11. dxe5 Nxe5 12. Bb3 b6 13. f4 Ng4 14. Qd5 Qe7 15.
Qxa8 Kd7 16. Bd2 f5 17. Ba4+ Ke6 18. Qd5+ Kf6 19. c4 Kg6 20. exf5+ Bxf5 21. Rae1
Qh4 22. h3 Nf6 23. Qf3 Re8 24. Rxe8 Nxe8 25. Bxe8+ Kf6 26. Be1 Qh6 27. Qc3+ Ke7
28. Bb5 Qe6 29. Qxg7+ Kd8 30. Qf8+ Qe8 31. Qxe8# 1-0

[Event "mesa 30"]
[Site "http://www.queenalice.com/game.php?id=1243944"]
[Date "2013.12.30"]
[Round "-"]
[White "jw16js"]
[Black "Herbert_Cezar"]
[Result "0-1"]
[WhiteElo "1540"]
[BlackElo "1844"]

1. c4 e5 2. g3 Nf6 3. f3 Be7 4. e4 O-O 5. Qe2 d6 6. Nc3 Nc6 7. Qd3 Nd4 8. Nge2
c5 9. Nxd4 cxd4 10. Nd5 Nxd5 11. cxd5 f5 12. Bh3 fxe4 13. Be6+ Bxe6 14. Qxe4 Bf5
15. Qe2 Bf6 16. g4 Bh4+ 17. Kf1 Bxg4 18. Qg2 Bxf3 19. Qg1 Bxh1+ 20. Ke2 Bf3+ 21.
Kd3 e4+ 22. Kc2 Qc7+ 23. Kb3 Qb6+ 24. Ka3 Qc5+ 25. b4 Qxd5 26. Rb1 a5 27. b5 Qc4
28. Rb3 Be7 29. Kb2 d5 30. Kb1 Bb4 31. Kb2 Rac8 32. Ka1 Qxc1+ 33. Qxc1 Rxc1+ 34.
Kb2 Bxd2 35. b6 e3 36. Rd3 Rfc8 37. Ka3 R1c3+ 38. Rxc3 Bxc3 39. h4 e2 40. Ka4
e1=B 41. a3 d3 42. h5 d2 43. h6 d1=B+ 44. Kb5 Bfe2# 0-1

[Event "mesa 28"]
[Site "http://www.queenalice.com/game.php?id=1243950"]
[Date "2013.12.30"]
[Round "-"]
[White "Givanildo"]
[Black "Herbert_Cezar"]
[Result "0-1"]
[WhiteElo "1538"]
[BlackElo "1818"]

1. e3 e5 2. Nc3 Nf6 3. h3 Be7 4. Qf3 O-O 5. Bd3 d5 6. Nge2 e4 7. Qg3 exd3 8.
cxd3 Nc6 9. a3 Bd6 10. Nf4 Ne7 11. Nb5 Nf5 12. Qh2 Qe8 13. Nxd6 cxd6 14. O-O Be6
15. b4 Rd8 16. Bb2 Qe7 17. Bxf6 Qxf6 18. e4 dxe4 19. dxe4 Ne7 20. Qg3 Ng6 21.
Nh5 Qh4 22. Qf3 Ne5 23. Qe2 Ng6 24. g3 Qxh3 25. d4 Bg4 26. f3 Bxh5 27. g4 Qg3+
28. Qg2 Qxg2+ 29. Kxg2 Nf4+ 30. Kg3 Ne2+ 31. Kf2 Nxd4 32. gxh5 Rc8 33. Ra2 Rc2+
34. Rxc2 Nxc2 35. f4 Nxa3 36. Rg1 Rc8 37. Rg3 Nc4 38. h6 g6 39. f5 Ne5 40. Kg2
Rc4 41. Kh3 Kf8 42. fxg6 Nxg6 43. Ra3 a6 44. b5 axb5 45. Ra8+ Ke7 46. Ra7 Rc7
47. Ra5 b4 48. Kg4 b3 49. Rb5 Ne5+ 50. Kf5 Ng6 51. Rxb3 Rc5+ 52. Kg4 b5 53. Ra3
Ne5+ 54. Kf4 Kf6 55. Rg3 Ng6+ 56. Kg4 Rg5+ 57. Kh3 Rxg3+ 58. Kxg3 b4 59. Kg4 b3
60. e5+ dxe5 61. Kh5 b2 0-1

[Event "mesa 18"]
[Site "http://www.queenalice.com/game.php?id=1244283"]
[Date "2014.1.1"]
[Round "-"]
[White "crisvolei"]
[Black "Herbert_Cezar"]
[Result "0-1"]
[WhiteElo "1550"]
[BlackElo "1831"]

1. e4 e5 2. d4 exd4 3. Qxd4 Nc6 4. Qc4 Nf6 5. Bf4 d6 6. Na3 Be6 7. Qd3 Be7 8.
Qb5 Rb8 9. Bc4 Bxc4 10. Nxc4 O-O 11. O-O-O Nxe4 12. Nh3 a6 13. Qd5 Nf6 14. Qf5
Qc8 15. Qxc8 Rbxc8 16. a3 Rfe8 17. b4 Bf8 18. Ne3 Ne5 19. Rhe1 Ng6 20. Bg5 Ne4
21. Nf5 Nc3 22. Rd3 Rxe1+ 23. Kd2 Ra1 24. Rxc3 Rh1 25. Nf4 Rxh2 26. a4 Nxf4 27.
Bxf4 Rxg2 28. Ke3 h5 29. Nh4 Rg1 30. Kd2 g5 31. Nf3 gxf4 32. Nxg1 Bg7 33. Rh3 c5
34. Nf3 cxb4 35. Ne1 Rc5 36. Nd3 Rf5 37. Nxb4 Kh7 38. c4 Kh6 39. Nd5 Kg5 40. f3
Re5 41. Nc7 Rc5 42. Ne8 Be5 43. Kd3 Ra5 44. Nc7 Rxa4 45. Nd5 Ra3+ 46. Ke4 a5 47.
Nb6 Rb3 48. Nd7 a4 49. Nxe5 dxe5 50. Kxe5 a3 51. Rh2 Rb2 52. Rh1 a2 53. Ra1 f6+
54. Kd4 h4 55. Kc3 Rf2 56. Kb4 h3 57. c5 h2 58. c6 bxc6 59. Kc5 Rg2 60. Kxc6 Rg1
61. Rxa2 h1=R 62. Ra5+ f5 63. Re5 Rf1 64. Kd6 Rxf3 65. Ke6 Re3 66. Rxe3 fxe3 67.
Ke5 e2 0-1

[Event "mesa 10"]
[Site "http://www.queenalice.com/game.php?id=1244444"]
[Date "2014.1.1"]
[Round "-"]
[White "Herbert_Cezar"]
[Black "wgjrl8"]
[Result "1-0"]
[WhiteElo "1860"]
[BlackElo "1549"]

1. e4 e5 2. Nf3 Bc5 3. Bc4 f6 4. O-O Nh6 5. Nc3 c6 6. d3 d6 7. a3 Qe7 8. Bd2 Be6
9. Bxe6 Qxe6 10. h3 g5 11. Be3 Nd7 12. d4 Bb6 13. dxe5 fxe5 14. Nxg5 Qg6 15. h4
O-O-O 16. Qe2 Nf6 17. a4 Nhg4 18. Bxb6 axb6 19. a5 b5 20. a6 bxa6 21. Rxa6 Kb7
22. Raa1 h6 23. Nxb5 hxg5 24. Ra7+ Kb6 25. f3 Ra8 26. Rxa8 Rxa8 27. Nxd6 gxh4
28. fxg4 Nxg4 29. Nf5 h3 30. Rf3 h2+ 31. Kh1 Ra1+ 32. Rf1 Rxf1+ 33. Qxf1 Qh5 34.
b4 Nf6 35. Qf2+ Kc7 36. Qa7+ Kd8 37. Qe7+ Kc8 38. Qxf6 Qd1+ 39. Kxh2 Qxc2 40.
Qxe5 Qc4 41. Nd6+ 1-0

[Event "mesa 28"]
[Site "http://www.queenalice.com/game.php?id=1245001"]
[Date "2014.1.3"]
[Round "-"]
[White "Herbert_Cezar"]
[Black "Givanildo"]
[Result "1-0"]
[WhiteElo "1837"]
[BlackElo "1497"]

1. e4 e6 2. d4 d5 3. exd5 Qxd5 4. Nc3 Qd6 5. Nf3 h6 6. Be2 a6 7. O-O Nc6 8. Be3
Be7 9. Ne4 Qd7 10. c3 Nf6 11. Ng3 Bd6 12. Nh1 b5 13. Ne1 Bb7 14. f4 O-O-O 15. a4
Ne7 16. axb5 axb5 17. Qb3 Qc6 18. Bxb5 Qe4 19. Ba6 Qxe3+ 20. Nf2 Bxa6 21. Rxa6
Qxf4 22. Nf3 Ne4 23. Nh3 Qe3+ 24. Kh1 Kd7 25. Qa4+ c6 26. Qc2 Nf5 27. Re1 Nfg3+
28. hxg3 Nxg3+ 29. Kh2 Ne2+ 30. Ne5+ Bxe5+ 31. dxe5 Qxe5+ 32. Kh1 Ng3+ 33. Kh2
Nf1+ 34. Kg1 Qxe1 35. Qd3+ Ke8 36. Qxf1 Qe3+ 37. Kh1 g5 38. Qf6 Rd1+ 39. Kh2 g4
40. Ra8+ Kd7 41. Ra7+ Qxa7 42. Qxf7+ Kd6 43. Qxa7 gxh3 44. Qa3+ c5 45. Qa6+ Ke7
46. Qb7+ Kd6 47. Qb6+ Ke7 48. Qxc5+ Rd6 49. Kxh3 Rd8 50. b4 Kf7 51. b5 Rd5 52.
Qf2+ Kg8 53. c4 Rd3+ 54. Kh2 Rd2 55. Qe3 Kh7 56. Qxe6 Rg8 57. Qe4+ Kh8 58. b6 h5
59. c5 Rg5 60. c6 Rg4 61. Qf3 Rh4+ 62. Kg1 Rc2 63. Qf6+ Kg8 64. Qg6+ Kf8 65.
Qxc2 Rg4 66. c7 h4 67. c8=N h3 68. Qf5+ Ke8 69. Qxg4 h2+ 70. Kh1 Kd8 71. Na7 Ke7
72. b7 Kf7 73. b8=N 1-0

[Event "mesa 33"]
[Site "http://www.queenalice.com/game.php?id=1245122"]
[Date "2014.1.3"]
[Round "-"]
[White "Nefelibatas"]
[Black "Herbert_Cezar"]
[Result "0-1"]
[WhiteElo "1531"]
[BlackElo "1871"]

1. e4 e5 2. Nf3 Nc6 3. d4 exd4 4. Nxd4 Nge7 5. Bg5 h6 6. Nxc6 bxc6 7. Be3 Ng6 8.
Be2 Be7 9. O-O Bf6 10. c3 O-O 11. Bd4 Bxd4 12. Qxd4 Qe7 13. Bh5 Qg5 14. Qd1 d6
15. Qe2 Nf4 16. Bxf7+ Rxf7 17. Qf3 Nh3+ 18. Kh1 Rxf3 19. gxf3 Qf4 20. Na3 Qxf3#
0-1

[Event "mesa 28"]
[Site "http://www.queenalice.com/game.php?id=1245461"]
[Date "2014.1.4"]
[Round "-"]
[White "Givanildo"]
[Black "Herbert_Cezar"]
[Result "0-1"]
[WhiteElo "1520"]
[BlackElo "1853"]

1. e4 e5 2. c4 Nf6 3. d3 Be7 4. a3 O-O 5. Qf3 d6 6. h3 Nc6 7. Be3 Be6 8. Qg3 Ne8
9. Bh6 Nd4 10. Qxg7+ Nxg7 11. Ra2 b5 12. b3 bxc4 13. dxc4 Rb8 14. Nd2 Nxb3 15.
Nxb3 Rxb3 16. Bd3 Rxd3 17. Ne2 Bxc4 18. O-O Bxa2 19. Nc1 Rd2 20. Bxd2 Be6 21.
Be3 c5 22. Ne2 Bc4 23. Re1 Bxe2 24. Rxe2 Ne6 25. g4 Nd4 26. Rd2 Nf3+ 27. Kg2
Nxd2 28. Bxd2 Kh8 29. f4 Rg8 30. f5 Bg5 31. Be1 Bc1 32. a4 Kg7 33. h4 Kf8 34. g5
f6 35. g6 hxg6 36. Kg3 gxf5+ 37. Kh3 fxe4 38. h5 d5 39. Bh4 Rg5 40. h6 Rh5 41.
h7 Rxh7 42. a5 Rxh4+ 43. Kxh4 d4 0-1

[Event "mesa 1"]
[Site "http://www.queenalice.com/game.php?id=1245896"]
[Date "2014.1.6"]
[Round "-"]
[White "Herbert_Cezar"]
[Black "renet54"]
[Result "1-0"]
[WhiteElo "1873"]
[BlackElo "1535"]

1. e4 e5 2. Nf3 Nc6 3. Bb5 a6 4. Bxc6 dxc6 5. O-O Nf6 6. Nc3 Bc5 7. d3 O-O 8.
Bg5 Qd6 9. Bh4 Be6 10. Bxf6 gxf6 11. Ne2 Kh8 12. Ng3 Rg8 13. Qd2 Rg6 14. Nh4 Rg5
15. Nf3 Rg4 16. Qh6 Rag8 17. Qxf6+ R8g7 18. Nxe5 Kg8 19. Nxg4 Rxg4 20. Nf5 Qf8
21. Nh6+ Qxh6 22. Qxh6 Bd4 23. c3 Bg7 24. Qe3 Rg6 25. Qa7 Bh3 26. g3 h5 27. Rfe1
h4 28. Qxb7 hxg3 29. fxg3 Rf6 30. Qxc7 Bh6 31. e5 Rf3 32. Qxc6 Rxd3 33. Qxh6 1-0

[Event "mesa 33"]
[Site "http://www.queenalice.com/game.php?id=1247840"]
[Date "2014.1.14"]
[Round "-"]
[White "Herbert_Cezar"]
[Black "Nefelibatas"]
[Result "1-0"]
[WhiteElo "1861"]
[BlackElo "1518"]

1. e4 e5 2. Nf3 d6 3. Bc4 Nf6 4. Nc3 Be7 5. d3 c5 6. Nd5 Nxd5 7. Bxd5 O-O 8. Be3
Kh8 9. O-O Bd7 10. c4 Bc6 11. Qd2 Bxd5 12. cxd5 f5 13. Bg5 f4 14. Bxe7 Qxe7 15.
b4 b6 16. a3 cxb4 17. Qxb4 Na6 18. Qc4 Nc5 19. Rfe1 Rfc8 20. d4 Nxe4 21. Qe2 Nc3
22. Qd2 Nxd5 23. dxe5 Qe6 24. Ng5 Qf5 25. h4 Rc5 26. Rac1 Rac8 27. Rxc5 Rxc5 28.
exd6 Nf6 29. d7 Rd5 30. Re8+ Nxe8 31. dxe8=Q+ Qf8 32. Qxf8# 1-0

[Event "mesa 35"]
[Site "http://www.queenalice.com/game.php?id=1249656"]
[Date "2014.1.19"]
[Round "-"]
[White "csantosrj"]
[Black "Herbert_Cezar"]
[Result "0-1"]
[WhiteElo "1809"]
[BlackElo "1863"]

1. e4 e5 2. Nc3 Nf6 3. Nf3 Nc6 4. d4 exd4 5. Nxd4 Bb4 6. Nxc6 bxc6 7. Bd3 O-O 8.
Bg5 Bxc3+ 9. bxc3 h6 10. Bh4 d5 11. e5 Re8 12. f4 Qd7 13. Bxf6 gxf6 14. O-O fxe5
15. f5 e4 16. Qg4+ Kh7 17. Be2 Rb8 18. Qh5 Rg8 19. h4 Rg3 20. Rf4 Rb2 21. Kh2
Rxc3 22. f6 Rcxc2 23. Rg4 Qd6+ 0-1